Google Translate Languages - Statistics

General Stats
  • This quiz has been taken 670 times
    365 since last reset
  • The average score is 55 of 90
Answer Stats
Language % Correct
English
93%
French
93%
Russian
91%
Spanish
91%
Chinese
90%
German
90%
Arabic
87%
Japanese
87%
Swedish
86%
Greek
84%
Italian
84%
Dutch
83%
Finnish
83%
Danish
81%
Hindi
81%
Portuguese
81%
Korean
79%
Romanian
79%
Albanian
78%
Norwegian
78%
Polish
77%
Turkish
77%
Croatian
76%
Czech
76%
Hungarian
76%
Latvian
76%
Slovak
76%
Estonian
75%
Lithuanian
75%
Ukrainian
75%
Serbian
74%
Vietnamese
74%
Bulgarian
73%
Malay
73%
Thai
73%
Irish
72%
Armenian
69%
Indonesian
69%
Persian
68%
Afrikaans
67%
Slovenian
66%
Bosnian
65%
Hebrew
65%
Urdu
65%
Icelandic
63%
Mongolian
63%
Georgian
62%
Uzbek
62%
Kazakh
61%
Azerbaijani
60%
Macedonian
59%
Zulu
59%
Belarusian
58%
Bengali
58%
Catalan
58%
Lao
58%
Latin
58%
Swahili
57%
Tamil
56%
Myanmar
54%
Welsh
51%
Khmer
50%
Tajik
49%
Maltese
48%
Punjabi
48%
Filipino
46%
Nepali
44%
Basque
43%
Maori
43%
Somali
43%
Igbo
42%
Javanese
42%
Yiddish
40%
Yoruba
38%
Gujarati
37%
Telugu
36%
Galician
35%
Marathi
34%
Haitian Creole
33%
Esperanto
32%
Hausa
31%
Kannada
31%
Malayalam
29%
Sinhala
29%
Malagasy
27%
Cebuano
26%
Hmong
23%
Sundanese
23%
Sesotho
10%
Chichewa
9%
No matching quizzes found
Score Distribution
Percent of People with Each Score
Percentile by Number Answered
Your Score History
You have not taken this quiz since the last reset